[Event "7th Paul Keres mem"]
[Site "Tallinn URS"]
[Date "1981.03.21"]
[Round "11"]
[White "Uusi, Gunnar"]
[Black "Hazai, Laszlo"]
[Result "1/2-1/2"]
[WhiteElo "2370"]
[BlackElo "2450"]
[EventDate "1981.03.06"]
[PlyCount "120"]

1. Nf3 d6 2. e4 g6 3. d4 Nf6 4. Nc3 Bg7 5. Be2 O-O 6. O-O c6 7. a4 Qc7 8. Re1 e5 9. Bg5 h6 10. Bh4 Re8 11. dxe5 dxe5 12. Nd2 Rd8 13. Qc1 Nbd7 14. Nc4 Bf8 15. Qe3 Kg7 16. Rad1 Be7 17. Bg3 Nh7 18. h4 Nhf8 19. Kh1 g5 20. h5 f6 21. Qf3 Bc5 22. Ne3 Bxe3 23. fxe3 Nc5 24. Rf1 Ncd7 25. Qf5 Nh7 26. Qg6+ Kh8 27. Qxh6 Rf8 28. Rf2 Qd8 29. Bg4 Qe7 30. Bf5 Rg8 31. Rdf1 Qg7 32. Qxg7+ Kxg7 33. Rd1 Nb6 34. a5 Nc4 35. Bxc8 Rgxc8 36. Rd7+ Kh6 37. Rxb7 Nxa5 38. Rf7 Nc4 39. b3 Nxe3 40. Rd2 Nf1 41. Rd3 Nxg3+ 42. Rxg3 Rf8 43. Rc7 Rfc8 44. Rd7 g4 45. Rgd3 Ng5 46. R3d6 Kxh5 47. Rxf6 Rf8 48. Rxf8 Rxf8 49. Kg1 g3 50. Ne2 Nxe4 51. Rg7 Kh4 52. Rh7+ Kg4 53. Rg7+ Kh4 54. Rh7+ Kg5 55. Rg7+ Kf6 56. Rg4 Kf5 57. Rg7 Rd8 58. Nxg3+ Nxg3 59. Rxg3 Rd1+ 60. Kh2 e4 1/2-1/2

[Event "7th Paul Keres mem"]
[Site "Tallinn URS"]
[Date "1981.03.21"]
[Round "11"]
[White "Veingold, Aleksander"]
[Black "Ftacnik, Lubomir"]
[Result "1/2-1/2"]
[WhiteElo "2445"]
[BlackElo "2520"]
[EventDate "1981.03.06"]
[PlyCount "60"]

1. d4 Nf6 2. c4 g6 3. Nc3 d5 4. Bf4 Bg7 5. e3 O-O 6. Qb3 c6 7. Nf3 Qa5 8. Nd2 Nbd7 9. Be2 Nh5 10. Bxh5 dxc4 11. Nxc4 Qxh5 12. O-O b5 13. Na5 c5 14. Nc6 e5 15. dxe5 Nxe5 16. Nxe5 Bxe5 17. Bxe5 Qxe5 18. Qxb5 Rb8 19. Qe2 Rb4 20. Rfd1 Be6 21. f4 Qb8 22. Rd2 Re8 23. Rad1 Kg7 24. b3 c4 25. bxc4 Rxc4 26. Nd5 Bxd5 27. Rxd5 Rce4 28. Qb5 Rxe3 29. Qxb8 Rxb8 30. R1d2 Ra3 1/2-1/2

[Event "7th Paul Keres mem"]
[Site "Tallinn URS"]
[Date "1981.03.21"]
[Round "11"]
[White "Vooremaa, Andres"]
[Black "Vogt, Lothar"]
[Result "1/2-1/2"]
[WhiteElo "2415"]
[BlackElo "2455"]
[EventDate "1981.03.06"]
[PlyCount "81"]

1. e4 c5 2. Nf3 e6 3. b3 d6 4. d4 cxd4 5. Nxd4 Nf6 6. Bd3 Be7 7. c4 O-O 8. Bb2 b6 9. O-O Bb7 10. Nc3 Nbd7 11. Re1 a6 12. Re3 Re8 13. Qe2 Bf8 14. Rh3 g6 15. Rd1 Qc7 16. Nc2 d5 17. exd5 exd5 18. Qf1 dxc4 19. Bxc4 b5 20. Bd3 Ne5 21. Ne3 Rad8 22. a4 b4 23. Ne2 Bg7 24. Nc4 Nxd3 25. Rhxd3 Rxd3 26. Rxd3 Ng4 27. Ng3 Bxb2 28. Nxb2 Qc6 29. Rd1 Qc2 30. Nc4 Ba8 31. h3 Nxf2 32. Rc1 Nxh3+ 33. gxh3 Qxb3 34. Qf2 Rc8 35. Qf4 Qxa4 36. Nf5 Qe8 37. Rf1 gxf5 38. Qg5+ Kf8 39. Qh6+ Kg8 40. Qg5+ Kf8 41. Qh6+ 1/2-1/2

[Event "7th Paul Keres mem"]
[Site "Tallinn URS"]
[Date "1981.03.22"]
[Round "12"]
[White "Bagirov, Vladimir"]
[Black "Veingold, Aleksander"]
[Result "1-0"]
[WhiteElo "2505"]
[BlackElo "2445"]
[EventDate "1981.03.06"]
[PlyCount "81"]

1. d4 Nf6 2. c4 e6 3. Nc3 Bb4 4. Bg5 h6 5. Bh4 c5 6. d5 Bxc3+ 7. bxc3 d6 8. e3 e5 9. f3 e4 10. f4 Rg8 11. Qc2 g5 12. Bg3 Bf5 13. Rb1 b6 14. fxg5 hxg5 15. Qf2 Bg6 16. Be2 Qe7 17. h4 Nfd7 18. hxg5 Ne5 19. Kd2 Nbc6 20. Nh3 a6 21. a4 Kd8 22. Bxe5 Qxe5 23. Qf4 Kc7 24. Rb2 Qe7 25. Nf2 Rh8 26. Rh6 Ne5 27. Ng4 Nxg4 28. Bxg4 Raf8 29. Rb1 Rhg8 30. Qf6 Re8 31. Rhh1 Qe5 32. Rb2 Qxf6 33. gxf6 a5 34. Rbb1 Bf5 35. Bxf5 Rxg2+ 36. Kc1 Re5 37. Bh7 Ra2 38. Rf1 Rh2 39. Bf5 Rh5 40. Bg4 Rh4 41. Be2 1-0

[Event "7th Paul Keres mem"]
[Site "Tallinn URS"]
[Date "1981.03.22"]
[Round "12"]
[White "Ftacnik, Lubomir"]
[Black "Nei, Iivo"]
[Result "1/2-1/2"]
[WhiteElo "2520"]
[BlackElo "2495"]
[EventDate "1981.03.06"]
[PlyCount "105"]

1. d4 d5 2. c4 e6 3. Nf3 Nf6 4. g3 Bb4+ 5. Bd2 c5 6. Bg2 O-O 7. cxd5 exd5 8. O-O Nc6 9. Bf4 cxd4 10. Nxd4 Bg4 11. h3 Bd7 12. Nc3 Rc8 13. Rc1 Nxd4 14. Qxd4 Bc5 15. Qd1 Be6 16. a3 Qd7 17. Be5 d4 18. Na4 b6 19. Kh2 Rfd8 20. b4 Be7 21. Nb2 Rxc1 22. Qxc1 Bd5 23. f3 Qe6 24. Nd3 Bc4 25. Re1 b5 26. Qa1 Bd6 27. Qxd4 Bc7 28. Qa1 Bxe5 29. Qxe5 Bxd3 30. exd3 Qb3 31. Qxb5 Qxa3 32. Re7 h5 33. Qc4 Nd5 34. Rd7 Rxd7 35. Qc8+ Kh7 36. Qxd7 Nf6 37. Qxf7 h4 38. Qc4 hxg3+ 39. Kxg3 Qa1 40. f4 Qe1+ 41. Kh2 Qf2 42. f5 Nh5 43. Qe4 Nf4 44. f6+ Kg8 45. fxg7 Ne2 46. Qd5+ Kxg7 47. Qg5+ Kf7 48. h4 Nf4 49. h5 Nxg2 50. Qxg2 Qh4+ 51. Kg1 Qxb4 52. Qg6+ Kf8 53. Qf6+ 1/2-1/2

[Event "7th Paul Keres mem"]
[Site "Tallinn URS"]
[Date "1981.03.22"]
[Round "12"]
[White "Hazai, Laszlo"]
[Black "Tal, Mikhail"]
[Result "1/2-1/2"]
[WhiteElo "2450"]
[BlackElo "2555"]
[EventDate "1981.03.06"]
[PlyCount "55"]

1. e4 c6 2. d4 d5 3. Nc3 dxe4 4. Nxe4 Bf5 5. Ng3 Bg6 6. h4 h6 7. Nf3 Nd7 8. h5 Bh7 9. Bd3 Bxd3 10. Qxd3 Ngf6 11. Bf4 e6 12. Ne4 Nxe4 13. Qxe4 Nf6 14. Qe5 Bb4+ 15. c3 Be7 16. Qc7 Qxc7 17. Bxc7 Rc8 18. Be5 O-O 19. O-O-O Rfd8 20. Bxf6 Bxf6 21. Nd2 Be7 22. g4 Rd5 23. Rhe1 Rcd8 24. b4 Bh4 25. Re2 Kf8 26. Nc4 Bg5+ 27. Kc2 Ke7 28. Rde1 1/2-1/2

[Event "7th Paul Keres mem"]
[Site "Tallinn URS"]
[Date "1981.03.22"]
[Round "12"]
[White "Vogt, Lothar"]
[Black "Uusi, Gunnar"]
[Result "1/2-1/2"]
[WhiteElo "2455"]
[BlackElo "2370"]
[EventDate "1981.03.06"]
[PlyCount "105"]

1. e4 c5 2. Nf3 e6 3. d4 cxd4 4. Nxd4 Nf6 5. Nc3 d6 6. Be2 Be7 7. O-O Nc6 8. Be3 Bd7 9. Ndb5 Qb8 10. a4 O-O 11. f4 Rd8 12. Bf3 Be8 13. Qe2 a6 14. Na3 d5 15. exd5 exd5 16. Bb6 Rd6 17. Qf2 Qc8 18. Rae1 Qf5 19. Ne2 Re6 20. Bc5 Ne4 21. Bxe4 dxe4 22. Be3 Bxa3 23. bxa3 f6 24. Ng3 Qd5 25. Rd1 Qc4 26. Nf5 Ne7 27. Rd4 Qc6 28. Nxg7 Kxg7 29. f5 Re5 30. Qg3+ Bg6 31. fxg6 hxg6 32. Rfd1 Rf8 33. Rd6 Qxc2 34. Qh3 Rh8 35. Qg4 Qc8 36. Rd7 Qc6 37. R1d6 Qc3 38. Qg3 Qa1+ 39. Rd1 Qa2 40. Bc5 Re8 41. Bd4 Re6 42. h4 Qc2 43. Qg4 Kf7 44. Be3 Qxa4 45. h5 Rg8 46. Bc5 Qc6 47. Bxe7 Rxe7 48. hxg6+ Kf8 49. Rd8+ Re8 50. Qh5 Qb6+ 51. R8d4 Rd8 52. Qh6+ Rg7 53. Qh8+ 1/2-1/2

[Event "7th Paul Keres mem"]
[Site "Tallinn URS"]
[Date "1981.03.24"]
[Round "13"]
[White "Gufeld, Eduard"]
[Black "Karner, Hillar"]
[Result "1/2-1/2"]
[WhiteElo "2515"]
[BlackElo "2410"]
[EventDate "1981.03.06"]
[PlyCount "38"]

1. e4 c5 2. Nf3 d6 3. d4 cxd4 4. Nxd4 Nf6 5. Nc3 a6 6. Bg5 e6 7. f4 Qb6 8. Nb3 Nc6 9. Qf3 Be7 10. Bd3 Bd7 11. O-O-O Rc8 12. Rhe1 h6 13. Bh4 Qc7 14. Bg3 Nb4 15. Kb1 Nxd3 16. cxd3 O-O 17. Rc1 Qb8 18. e5 dxe5 19. fxe5 Nh7 1/2-1/2

[Event "7th Paul Keres mem"]
[Site "Tallinn URS"]
[Date "1981.03.24"]
[Round "13"]
[White "Petursson, Margeir"]
[Black "Barczay, Laszlo"]
[Result "0-1"]
[WhiteElo "2445"]
[BlackElo "2415"]
[EventDate "1981.03.06"]
[PlyCount "81"]

1. d4 Nf6 2. c4 c5 3. Nf3 cxd4 4. Nxd4 e5 5. Nb5 d5 6. cxd5 Bc5 7. N5c3 O-O 8. e3 e4 9. Nd2 Re8 10. a3 Bf5 11. b4 Bf8 12. Nc4 Nbd7 13. Bb2 Rc8 14. Qd4 Ng4 15. h3 Nge5 16. Nd2 Qg5 17. Ncxe4 Qg6 18. Ng3 Bd3 19. e4 Nc5 20. bxc5 Bxc5 21. Qxe5 Rxe5 22. Bxe5 Qa6 23. Nf5 f6 24. Bd4 Bxd4 25. Nxd4 Qxa3 26. Rd1 Bc2 27. Nxc2 Rxc2 28. h4 Qc5 29. Rh3 a5 30. Bc4 Kf8 31. Rd3 Rxc4 32. Nxc4 Qxc4 33. d6 Ke8 34. d7+ Kd8 35. e5 fxe5 36. Rf3 Qb4+ 37. Kf1 a4 38. Kg1 a3 39. Rf7 a2 40. Rxg7 Qb3 41. Rd6 0-1

[Event "7th Paul Keres mem"]
[Site "Tallinn URS"]
[Date "1981.03.24"]
[Round "13"]
[White "Tal, Mikhail"]
[Black "Vogt, Lothar"]
[Result "1-0"]
[WhiteElo "2555"]
[BlackElo "2455"]
[EventDate "1981.03.06"]
[PlyCount "73"]

1. e4 c5 2. Nf3 e6 3. d4 cxd4 4. Nxd4 Nf6 5. Nc3 d6 6. Be2 Be7 7. O-O O-O 8. f4 Nc6 9. Be3 e5 10. Nb3 exf4 11. Rxf4 Be6 12. Qe1 Nd7 13. Rf1 Nde5 14. Nd5 Bg5 15. Qd2 Bxe3+ 16. Nxe3 Qh4 17. Nf5 Bxf5 18. exf5 Qf6 19. Rad1 Rad8 20. c4 Rfe8 21. Rf2 h6 22. Qf4 Qg5 23. g3 f6 24. h4 Qxf4 25. gxf4 Nf7 26. Bf3 Re3 27. Kg2 Kf8 28. Rfd2 Rde8 29. Kf2 h5 30. c5 d5 31. Rxd5 Ne7 32. Kxe3 Nxd5+ 33. Kf2 Nxf4 34. Rd4 Nh3+ 35. Kg2 Re3 36. Bxb7 Nh6 37. c6 1-0

[Event "7th Paul Keres mem"]
[Site "Tallinn URS"]
[Date "1981.03.24"]
[Round "13"]
[White "Uusi, Gunnar"]
[Black "Gipslis, Aivars"]
[Result "1/2-1/2"]
[WhiteElo "2370"]
[BlackElo "2470"]
[EventDate "1981.03.06"]
[PlyCount "51"]

1. Nf3 c5 2. e4 Nc6 3. d4 cxd4 4. Nxd4 e5 5. Nb5 a6 6. Nd6+ Bxd6 7. Qxd6 Qf6 8. Qc7 Nge7 9. Nc3 Nb4 10. Bd3 d5 11. O-O d4 12. Ne2 O-O 13. f4 Bg4 14. fxe5 Qc6 15. Qxe7 Nxd3 16. Nxd4 Qxe4 17. cxd3 Qxd4+ 18. Rf2 Qxd3 19. Bd2 Qg6 20. Raf1 b5 21. Qh4 Rac8 22. Qg5 Qxg5 23. Bxg5 Be6 24. a3 Rfe8 25. Bd2 h6 26. Bc3 1/2-1/2

[Event "7th Paul Keres mem"]
[Site "Tallinn URS"]
[Date "1981.03.25"]
[Round "14"]
[White "Bagirov, Vladimir"]
[Black "Vooremaa, Andres"]
[Result "0-1"]
[WhiteElo "2505"]
[BlackElo "2415"]
[EventDate "1981.03.06"]
[PlyCount "68"]

1. d4 d5 2. c4 e6 3. Nf3 Nf6 4. Nc3 Be7 5. Bg5 Nbd7 6. e3 O-O 7. Qc2 Re8 8. Rd1 c6 9. a3 a5 10. h3 h6 11. Bf4 dxc4 12. Bxc4 b5 13. Bd3 Qb6 14. O-O Ba6 15. e4 b4 16. axb4 axb4 17. Nb1 c5 18. Bxa6 Qxa6 19. d5 exd5 20. e5 Nh7 21. Rxd5 Nhf8 22. b3 Nb6 23. Rd3 Ne6 24. Be3 c4 25. bxc4 Nxc4 26. Nbd2 Nxe3 27. Rxe3 Rac8 28. Qb2 Red8 29. Ra1 Qc6 30. Nb3 Bg5 31. Nxg5 hxg5 32. g3 Nf4 33. f3 Qb6 34. Rae1 Nd3 0-1

[Event "7th Paul Keres mem"]
[Site "Tallinn URS"]
[Date "1981.03.25"]
[Round "14"]
[White "Barczay, Laszlo"]
[Black "Hazai, Laszlo"]
[Result "1/2-1/2"]
[WhiteElo "2415"]
[BlackElo "2450"]
[EventDate "1981.03.06"]
[PlyCount "40"]

1. e4 e5 2. Nf3 Nc6 3. Bb5 a6 4. Ba4 Nf6 5. O-O Be7 6. Re1 b5 7. Bb3 O-O 8. c3 d6 9. h3 Na5 10. Bc2 c5 11. d4 Qc7 12. Nbd2 cxd4 13. cxd4 Nc6 14. Nb3 a5 15. Be3 a4 16. Nbd2 Nb4 17. Bb1 Bd7 18. a3 Nc6 19. d5 Na5 20. Bd3 Qb7 1/2-1/2

[Event "7th Paul Keres mem"]
[Site "Tallinn URS"]
[Date "1981.03.25"]
[Round "14"]
[White "Duric, Stefan"]
[Black "Nei, Iivo"]
[Result "1-0"]
[WhiteElo "2435"]
[BlackElo "2495"]
[EventDate "1981.03.06"]
[PlyCount "131"]

1. e4 e6 2. d4 d5 3. Nc3 Bb4 4. e5 Ne7 5. a3 Bxc3+ 6. bxc3 c5 7. Nf3 b6 8. Bb5+ Bd7 9. Bd3 c4 10. Bf1 Ba4 11. Ng5 Qd7 12. Qh5 Ng6 13. Ra2 f6 14. exf6 gxf6 15. Nf3 Nc6 16. g3 O-O-O 17. Bh3 Kb7 18. O-O Rde8 19. Ne1 Nce7 20. Ng2 Qd6 21. Ne3 Nc8 22. Ra1 Qc7 23. Re1 Nd6 24. Bxe6 Rxe6 25. Qxd5+ Bc6 26. Qxe6 Re8 27. Qh3 Ka6 28. Qf1 Nh4 29. d5 Nf3+ 30. Kg2 Nxe1+ 31. Qxe1 Bxd5+ 32. Nxd5 Qc6 33. Qd1 Re5 34. Bf4 Rxd5 35. Qf3 Nb5 36. Kg1 Kb7 37. a4 Nc7 38. Re1 Ne6 39. Be3 f5 40. h4 Re5 41. Qh5 Qc7 42. Rd1 Ka6 43. Qf3 Ka5 44. Qa8 Rxe3 45. Qd5+ Nc5 46. Qxc4 Rxg3+ 47. Kf1 Qc6 48. Qb4+ Ka6 49. Qb5+ Qxb5+ 50. axb5+ Kxb5 51. fxg3 a5 52. Rb1+ Kc6 53. Ke2 Ne4 54. Ke3 Kc5 55. Rf1 Nd6 56. Kd3 b5 57. h5 h6 58. Re1 Ne4 59. g4 Nf2+ 60. Ke2 Nxg4 61. Rf1 Kc4 62. Kd2 Nf6 63. Rxf5 Ne4+ 64. Kc1 Ng3 65. Rf4+ Kd5 66. Rf6 1-0

[Event "7th Paul Keres mem"]
[Site "Tallinn URS"]
[Date "1981.03.25"]
[Round "14"]
[White "Ftacnik, Lubomir"]
[Black "Uusi, Gunnar"]
[Result "1/2-1/2"]
[WhiteElo "2520"]
[BlackElo "2370"]
[EventDate "1981.03.06"]
[PlyCount "100"]

1. Nf3 d5 2. d4 Nf6 3. c4 c6 4. Nc3 dxc4 5. a4 Bf5 6. e3 e6 7. Bxc4 Bb4 8. O-O Nbd7 9. Qe2 O-O 10. e4 Bg6 11. Bd3 a5 12. e5 Nd5 13. Bxg6 fxg6 14. Ng5 Qe7 15. Qg4 Rae8 16. Bd2 N7b6 17. Nge4 Nc4 18. Bg5 Qd7 19. Qe2 b5 20. Na2 h6 21. Nxb4 axb4 22. Nc5 Qf7 23. axb5 cxb5 24. Be3 g5 25. b3 Na3 26. Rfc1 Qf5 27. Nb7 Rb8 28. Nd6 Qg6 29. Rc5 g4 30. Rac1 h5 31. Bd2 Nb1 32. Nxb5 Nxd2 33. Qxd2 Nf4 34. Qc2 Qd3 35. Qxd3 Nxd3 36. Nc7 Nxc1 37. Rxc1 Rfc8 38. Rc5 Kf7 39. Kf1 Ke7 40. Ke2 Kd7 41. Na6 Rb6 42. Ra5 Rc2+ 43. Ke3 Ke7 44. Nc5 Kf7 45. Ra7+ Kg6 46. Re7 Rb2 47. g3 Kh6 48. Re8 Kg6 49. Re7 Kh6 50. Re8 Kg6 1/2-1/2

[Event "7th Paul Keres mem"]
[Site "Tallinn URS"]
[Date "1981.03.25"]
[Round "14"]
[White "Gipslis, Aivars"]
[Black "Tal, Mikhail"]
[Result "1/2-1/2"]
[WhiteElo "2470"]
[BlackElo "2555"]
[EventDate "1981.03.06"]
[PlyCount "35"]

1. e4 e5 2. Nf3 Nf6 3. Nxe5 d6 4. Nf3 Nxe4 5. d4 d5 6. Bd3 Be7 7. O-O Bf5 8. Re1 Nc6 9. Nbd2 Nxd2 10. Qxd2 Bxd3 11. Qxd3 O-O 12. Bf4 Bd6 13. Bxd6 Qxd6 14. c3 Rfe8 15. Re3 Rxe3 16. Qxe3 Qe7 17. Qxe7 Nxe7 18. Re1 1/2-1/2

[Event "7th Paul Keres mem"]
[Site "Tallinn URS"]
[Date "1981.03.25"]
[Round "14"]
[White "Petursson, Margeir"]
[Black "Gufeld, Eduard"]
[Result "1/2-1/2"]
[WhiteElo "2445"]
[BlackElo "2515"]
[EventDate "1981.03.06"]
[PlyCount "30"]

1. d4 d5 2. c4 c6 3. cxd5 cxd5 4. Nc3 Nf6 5. Nf3 Nc6 6. Bf4 e6 7. e3 Bd6 8. Bxd6 Qxd6 9. Bd3 O-O 10. O-O Bd7 11. Rc1 e5 12. Nb5 Qe7 13. dxe5 Nxe5 14. Nxe5 Bxb5 15. Bxb5 Qxe5 1/2-1/2

[Event "7th Paul Keres mem"]
[Site "Tallinn URS"]
[Date "1981.03.27"]
[Round "15"]
[White "Gufeld, Eduard"]
[Black "Barczay, Laszlo"]
[Result "1/2-1/2"]
[WhiteElo "2515"]
[BlackElo "2415"]
[EventDate "1981.03.06"]
[PlyCount "32"]

1. d4 d5 2. c4 c6 3. cxd5 cxd5 4. Nc3 Nf6 5. Bf4 Nc6 6. e3 e6 7. Bd3 Bd6 8. Nge2 O-O 9. O-O e5 10. dxe5 Bxe5 11. Bxe5 Nxe5 12. Nd4 Bg4 13. Be2 Bxe2 14. Qxe2 Qd7 15. Rac1 Rac8 16. h3 Rfd8 1/2-1/2

[Event "7th Paul Keres mem"]
[Site "Tallinn URS"]
[Date "1981.03.27"]
[Round "15"]
[White "Hazai, Laszlo"]
[Black "Vogt, Lothar"]
[Result "1/2-1/2"]
[WhiteElo "2450"]
[BlackElo "2455"]
[EventDate "1981.03.06"]
[PlyCount "27"]

1. e4 e5 2. Nf3 Nc6 3. Bb5 a6 4. Ba4 Nf6 5. O-O Nxe4 6. d4 b5 7. Bb3 d5 8. dxe5 Be6 9. c3 Nc5 10. Bc2 Bg4 11. Nbd2 Be7 12. Re1 Qd7 13. Nf1 Rd8 14. Ne3 1/2-1/2

[Event "7th Paul Keres mem"]
[Site "Tallinn URS"]
[Date "1981.03.27"]
[Round "15"]
[White "Nei, Iivo"]
[Black "Karner, Hillar"]
[Result "0-1"]
[WhiteElo "2495"]
[BlackElo "2410"]
[EventDate "1981.03.06"]
[PlyCount "92"]

1. d4 Nf6 2. c4 e6 3. Nf3 b6 4. g3 Bb7 5. Bg2 Be7 6. O-O c6 7. Nc3 d5 8. b3 Nbd7 9. Bb2 O-O 10. Qc2 Rc8 11. Rfd1 c5 12. cxd5 Nxd5 13. Nxd5 Bxd5 14. e4 cxd4 15. Qe2 Bb7 16. Nxd4 Qe8 17. Nb5 Ba6 18. Qg4 g6 19. Nd6 Bxd6 20. Rxd6 Rc2 21. Ba3 Qc8 22. Qd1 Be2 23. Qd4 e5 24. Qd5 Qc3 25. Rb1 Rxa2 26. h4 Rxa3 27. Rxd7 Bg4 28. Rd6 Ra5 29. Qd2 Qxd2 30. Rxd2 Rc8 31. b4 Ra3 32. Rbb2 Be6 33. h5 gxh5 34. Kh2 h4 35. gxh4 Kf8 36. f3 Ke7 37. Kg3 Rg8+ 38. Kf2 Rc8 39. Bf1 Rcc3 40. Be2 Rcb3 41. b5 Rxb2 42. Rxb2 Ra2 43. Rb4 Kd6 44. Ke3 Ra1 45. h5 h6 46. Rb2 Ra3+ 0-1

[Event "7th Paul Keres mem"]
[Site "Tallinn URS"]
[Date "1981.03.27"]
[Round "15"]
[White "Tal, Mikhail"]
[Black "Ftacnik, Lubomir"]
[Result "1-0"]
[WhiteElo "2555"]
[BlackElo "2520"]
[EventDate "1981.03.06"]
[PlyCount "93"]

1. e4 c5 2. Nf3 d6 3. d4 Nf6 4. Nc3 cxd4 5. Nxd4 a6 6. a4 e6 7. Be2 Be7 8. O-O O-O 9. f4 Nc6 10. Be3 Qc7 11. Qe1 Nxd4 12. Bxd4 e5 13. Be3 exf4 14. Bxf4 Be6 15. Qg3 Nd7 16. Bh6 Qc5+ 17. Kh1 Qe5 18. Bf4 Qc5 19. Nd5 Bxd5 20. Bh6 Qd4 21. exd5 Kh8 22. c3 Qe5 23. Qxe5 Nxe5 24. Be3 Rac8 25. a5 f5 26. Ra4 g6 27. Rb4 Rc7 28. Bh6 Rf7 29. Bxa6 bxa6 30. Rb8+ Bf8 31. Rxf8+ Rxf8 32. Bxf8 Nc4 33. b4 Kg8 34. Bh6 Re7 35. h3 Kf7 36. Bg5 Re5 37. Rf4 Nd2 38. Rh4 Re1+ 39. Kh2 Ne4 40. Rxh7+ Kg8 41. Re7 Rd1 42. Bh6 Nxc3 43. Rg7+ Kh8 44. Ra7 Nxd5 45. Rxa6 Nxb4 46. Rb6 Nc2 47. Rb7 1-0

[Event "7th Paul Keres mem"]
[Site "Tallinn URS"]
[Date "1981.03.27"]
[Round "15"]
[White "Uusi, Gunnar"]
[Black "Bagirov, Vladimir"]
[Result "0-1"]
[WhiteElo "2370"]
[BlackElo "2505"]
[EventDate "1981.03.06"]
[PlyCount "60"]

1. e4 c6 2. d4 d5 3. exd5 cxd5 4. c4 Nf6 5. Nc3 Nc6 6. Bg5 Qa5 7. Nf3 Bg4 8. Be2 dxc4 9. d5 O-O-O 10. Bxc4 e6 11. Bxf6 gxf6 12. O-O Rg8 13. Be2 exd5 14. Qd3 d4 15. Ne4 Be7 16. Ng3 f5 17. Rfc1 Kb8 18. Qb3 d3 19. Bd1 f4 20. Rxc6 fxg3 21. hxg3 Be6 22. Rxe6 fxe6 23. Qxe6 Rge8 24. a3 Bc5 25. Qh6 d2 26. Qf4+ Bd6 27. Qh6 Re1+ 28. Kh2 Qb6 29. Qg5 Bc7 30. b4 Qxf2 0-1

[Event "7th Paul Keres mem"]
[Site "Tallinn URS"]
[Date "1981.03.27"]
[Round "15"]
[White "Veingold, Aleksander"]
[Black "Petursson, Margeir"]
[Result "1/2-1/2"]
[WhiteElo "2445"]
[BlackElo "2445"]
[EventDate "1981.03.06"]
[PlyCount "150"]

1. Nf3 d5 2. e3 Nf6 3. b3 Bg4 4. Bb2 e6 5. h3 Bh5 6. d3 Be7 7. g4 Bg6 8. Ne5 O-O 9. h4 h5 10. g5 Nfd7 11. Nxg6 fxg6 12. Bh3 Nc5 13. Nd2 Qd6 14. f4 Nc6 15. d4 Nd7 16. Nf3 Bd8 17. a4 Ne7 18. Ba3 c5 19. Ne5 Ba5+ 20. Ke2 Nxe5 21. dxe5 Qc6 22. Qd3 d4 23. Rhf1 Nf5 24. Bxf5 Rxf5 25. e4 Rf7 26. Rf3 Raf8 27. Raf1 a6 28. R1f2 b5 29. Kf1 c4 30. Qxd4 Bb6 31. Qd6 Qxd6 32. Bxd6 Bxf2 33. Bxf8 Bxh4 34. Ba3 Bxg5 35. Bc1 Bh6 36. axb5 axb5 37. Kg2 Rc7 38. Rc3 Kf7 39. Be3 Ke7 40. b4 Rd7 41. Ra3 Rd1 42. Kg3 Re1 43. Kf2 Rh1 44. Bc5+ Kd7 45. Ra7+ Kc6 46. Ra6+ Kb7 47. Rxe6 Bxf4 48. Rb6+ Kc7 49. e6 Bg5 50. Rxb5 Bh4+ 51. Ke3 Re1+ 52. Kd4 Bf2+ 53. Kd5 Rd1+ 54. Kxc4 Bxc5 55. Rxc5+ Kd6 56. Rd5+ Rxd5 57. exd5 h4 58. b5 h3 59. b6 h2 60. b7 Kc7 61. e7 h1=Q 62. b8=Q+ Kxb8 63. e8=Q+ Kc7 64. Qxg6 Qa1 65. Qc6+ Kd8 66. d6 Qf1+ 67. Kd4 Qg1+ 68. Kc3 Qa1+ 69. Kd2 Qd4+ 70. Ke2 Qg4+ 71. Kd3 Qd1+ 72. Kc3 Qa1+ 73. Kc4 Qf1+ 74. Kc5 Qg1+ 75. Kc4 Qf1+ 1/2-1/2

[Event "7th Paul Keres mem"]
[Site "Tallinn URS"]
[Date "1981.03.27"]
[Round "15"]
[White "Vooremaa, Andres"]
[Black "Duric, Stefan"]
[Result "0-1"]
[WhiteElo "2415"]
[BlackElo "2435"]
[EventDate "1981.03.06"]
[PlyCount "80"]

1. d4 Nf6 2. c4 g6 3. Nc3 Bg7 4. e4 d6 5. f3 O-O 6. Be3 c6 7. Qd2 e5 8. Nge2 Nbd7 9. d5 cxd5 10. cxd5 Nh5 11. Nb5 Nb6 12. Qb4 Bd7 13. Nxd6 Qe7 14. a3 Rfb8 15. Nc3 Bf8 16. Ndb5 Qd8 17. Qb3 Nc8 18. Nd1 a6 19. Nbc3 b5 20. g3 Nd6 21. Nf2 a5 22. Qd1 Rc8 23. Be2 Nc4 24. Bxc4 Rxc4 25. O-O Rac8 26. Nd3 Bd6 27. Nb1 f5 28. b3 Rc2 29. Ne1 R2c7 30. exf5 gxf5 31. f4 Be8 32. Ra2 Qe7 33. Re2 e4 34. Nc2 Nf6 35. Nd4 Bh5 36. Nxf5 Qd7 37. Nxd6 Qxd6 38. g4 Bxg4 39. Rg2 Kf7 40. Bd4 Bxd1 0-1